000
00290nam a2200097Ia 4500
008
181011s9999 xx 000 0 und d
245
0
_a
Who was Henry Martyn?
500
_a
The Bulletin of Henry Martyn school of Islamic Studies Jan -Mar 1951
650
_a
Henry Martyn Institute
942
_c
BR
999
_c
21806
_d
21806